000 00543nam a2200181Ia 4500
008 100917s9999 xx 000 0 und d
082 _b12870
100 _aमहाजन जगन्नाथ भ.
245 _aजादूची पेटी
260 _bश्रीराम प्रकाशन
_c1968
300 _a32
365 _b0.5
520 _aबालविभाग
630 _aजादूची पेटी
650 _aबालविभाग
730 _aजादूची पेटी
942 _cBOOK
999 _c618264
_d618261